000 00713nam a2200265Ia 4500
003 OSt
005 20220928121546.0
006 a|||||r|||| 00| 0
007 ta
008 220927b |||||||| |||| 00| 0 eng d
024 _a22047
037 _cTextual
040 _aSDCL
_cSDCL
_beng
041 _2eng
_aeng
082 _aD6,8(B),2, P3
100 _aGillies Alan
_9453019
245 0 _aSoftware quality
_b Theory and management
250 _a2
260 _aAustralia
_bThomson.
_c2003
300 _axiii,232p.
_ccm.
650 _a Gillies Alan
_9453020
650 _aSoftware Management
_9453021
942 _hD6,8(B),2, P3
_cTEXL
_2CC
999 _c766956
_d766956